Feminismo : transmisiones y retransmisiones /
Compilación de cuatro textos escritos por la autora a lo largo de tres décadas, desde 1971, cuando se integró al movimiento de liberación de la mujer. El primero de ellos traza una de las tendencias del feminismo en la Ciudad de México con el paso de los años; el segundo, aborda la igualdad de oport...
Salvato in:
| Autore principale: | |
|---|---|
| Natura: | Libro |
| Lingua: | spagnolo |
| Pubblicazione: |
México :
Taurus,
2006, c2006
|
| Soggetti: | |
| Tags: |
Nessun Tag, puoi essere il primo ad aggiungerne!!
|
MARC
| LEADER | 00000nam^a2200000^a^4500 | ||
|---|---|---|---|
| 001 | 000188578 | ||
| 005 | 20250521000000.0 | ||
| 009 | 20260310102342.067 | ||
| 020 | |a 970-770-394-6 | ||
| 037 | |a Acervo ITESO - Biblioteca | ||
| 041 | |a ESP | ||
| 082 | |a 305. 420972 |b LAM | ||
| 100 | |a Lamas, Marta |e (autor) | ||
| 245 | 1 | 0 | |a Feminismo : |b transmisiones y retransmisiones / |c M. Lamas. |
| 264 | 4 | |a México : |b Taurus, |c 2006, c2006 | |
| 300 | |a 166 p. | ||
| 336 | |a texto |b txt |2 rdacontenido | ||
| 337 | |a sin mediación |b n |2 rdamedio | ||
| 338 | |a volumen |b nc |2 rdasoporte | ||
| 520 | |a Compilación de cuatro textos escritos por la autora a lo largo de tres décadas, desde 1971, cuando se integró al movimiento de liberación de la mujer. El primero de ellos traza una de las tendencias del feminismo en la Ciudad de México con el paso de los años; el segundo, aborda la igualdad de oportunidades en el ámbito laboral y la política antidiscriminatoria; el tercero presenta algunas precisiones conceptuales y teóricas sobre el género; el cuarto tiene como propósito provocar el debate sobre el feminismo y la incapacidad de escuchar las razones de otros. | ||
| 649 | |a XX | ||
| 650 | |a Mujeres - |z México - |x Condiciones Laborales | ||
| 650 | |a Mujeres - |z México - |x Condiciones Sociales y Culturales | ||
| 650 | |a Feminismo - |z México - |x Historia - |x Tema Principal | ||
| 650 | |a Movimientos Sociales - |z México - |x Historia | ||
| 650 | |a Discriminación de Género - |z México | ||
| 650 | |a Igualdad y Desigualdad - |z México | ||
| 650 | |a Participación Política - |z México | ||
| 650 | |a Participación Social - |z México | ||
| 650 | |a Cambios Sociales y Culturales - |z México | ||
| 650 | |a Política de Género - |z México | ||
| 650 | |a Género - |z México - |x Tema Principal | ||
| 650 | |a Antropología Cultural | ||
| 650 | |a Sociología | ||
| 910 | |a Fondo General | ||
| 920 | |a Impresos - Libros | ||
| 930 | |a Colección General | ||
| 905 | |a 101 | ||
| 901 | |a 0500130988 |b IT1 |c ACC |u 20250521 | ||
| 902 | |a https://opac.biblio.iteso.mx/vufind/Record/000188578 | ||